[Event "CRO-chT3"]
[Site "Rijeka/Pula"]
[Date "2009.04.04"]
[Round "1"]
[White "Kolic, Dejvid"]
[Black "Mrdjenovic, Georgije"]
[Result "0-1"]
[WhiteElo "1740"]
[BlackElo "1959"]
[PlyCount "72"]
[EventDate "2009.04.04"]
[EventType "team-tourn"]
[EventRounds "9"]
[EventCountry "CRO"]
[SourceTitle "EXT 2011"]
[Source "ChessBase"]
[SourceDate "2010.11.26"]
[SourceVersion "1"]
[SourceVersionDate "2010.11.26"]
[SourceQuality "1"]

1. d4 Nf6 2. c4 e6 3. Nc3 Bb4 4. Qc2 b6 5. a3 Bxc3+ 6. bxc3 Bb7 7. Bg5 d6 8. Bxf6 Qxf6 9. e4 Nd7 10. Nf3 Qg6 11. Nd2 0-0 12. f3 d5 13. cxd5 exd5 14. Kf2 c5 15. Qa4 Bc6 16. Bb5 Bxb5 17. Qxb5 Qd6 18. e5 Qc7 19. Rhe1 Rfe8 20. f4 Rac8 21. Re3 Nf8 22. Rae1 Ne6 23. dxc5 Nxc5 24. g3 g6 25. Qb4 Qc6 26. g4 Qa4 27. f5 Qc2 28. R1e2 Nd3+ 29. Rxd3 Qxd3 30. Qf4 Rxc3 31. f6 Qh3 32. Nf3 Rc4 33. Nd4 Qh4+ 34. Kg2 g5 35. Nf5 Rxf4 36. Nxh4 Rxg4+ 0-1